000 00266nam a2200097Ia 4500
001 683562
005 20250826161441.0
008 250824s9999 xx 000 0 und d
245 0 _aGİZLİ HAZİ,NELER MUMYALAR VE ARKEOLOJİ
_cNİCK ARNOLD
260 _bTİMAŞ YAYINLARI
999 _c683562
_d683562